Lecciones sobre la acción de los medicamentos (Record no. 37175)

MARC details
000 -LEADER
campo de control de longitud fija 00629nam a2200169 i 4500
001 - NÚMERO DE CONTROL
campo de control 37175
003 - IDENTIFICADOR DE NÚMERO DE CONTROL
campo de control ES-MaACL
005 - FECHA Y HORA DE LA ÚLTIMA TRANSACCIÓN
campo de control 20230906155523.0
007 - CAMPO FIJO DE DESCRIPCIÓN FÍSICA--INFORMACIÓN GENERAL
campo de control de longitud fija t|
008 - DATOS DE LONGITUD FIJA--INFORMACIÓN GENERAL
campo de control de longitud fija 030220s1905 sp ||||1| spa d
100 1# - ENTRADA PRINCIPAL--NOMBRE DE PERSONA
Nombre de persona Brunton, Lauder.
9 (RLIN) 32216
245 10 - MENCIÓN DEL TÍTULO
Título Lecciones sobre la acción de los medicamentos
Resto del título : (farmacología y terapéutica) /
Mención de responsabilidad, etc. por Lauder Brunton ; traducido del inglés por Federico Toledo de la Cueva.
260 ## - PUBLICACIÓN, DISTRIBUCIÓN, ETC.
Lugar de publicación, distribución, etc. Madrid :
Nombre del editor, distribuidor, etc. Revista de Medicina y Cirugía,
Fecha de publicación, distribución, etc. 1905 (
Fabricante Nicolás Moya)
300 ## - DESCRIPCIÓN FÍSICA
Extensión VIII, 728 p. :
Otras características físicas il. ;
Dimensiones 25 cm.
700 1# - ENTRADA AGREGADA--NOMBRE PERSONAL
Nombre de persona Toledo de la Cueva, Federico.
9 (RLIN) 110453
852 ## - LOCALIZACIÓN
Ubicación ES-MaACL
Número de control de estantería B-11494
Holdings
Estatus retirado Estado de pérdida Estado de daño No para préstamo Biblioteca de origen Biblioteca actual Ubicación en estantería Fecha de adquisición Fuente de adquisición Total de préstamos Signatura topográfica completa Código de barras Visto por última vez Precio de reemplazo Tipo de ítem Koha
        Biblioteca del Ateneo de Madrid Biblioteca del Ateneo de Madrid Sala Pardo Bazán 17/01/2008     B-11494 1039113 23/02/2023 23/02/2023 Libro impreso